Science Quiz

Random Science or Numbers Quiz

Number 1-100 (Roman Numerals) Quiz Stats

 Plays Quiz Updated Sep 10, 2019

Score 0/100 Timer 03:00
3 Plays Today
Numeral % Correct
I
99.7%
II
99.6%
III
99.5%
IV
99.4%
V
99.2%
VI
99%
VII
98.9%
VIII
98.8%
X
97.2%
XI
97%
XII
96.9%
XIII
96.7%
IX
96.5%
XIV
94.8%
XV
94.5%
XVI
94.3%
XVII
94.2%
XVIII
94%
XX
89.1%
XXI
88.7%
XXII
88.5%
XXIII
88.3%
XXIV
87.7%
XXV
87.5%
XIX
87.2%
XXVI
87.2%
XXVII
86.9%
XXVIII
86.6%
XXX
85.1%
XXXI
84.5%
XXXII
84.3%
XXIX
84.2%
XXXIII
84.1%
XXXIV
83.8%
Numeral % Correct
XXXV
83.6%
XXXVI
83.4%
XXXVII
83.2%
XXXVIII
82.9%
XXXIX
80.2%
XL
66.8%
XLI
65.2%
XLII
65.1%
XLIII
64.8%
XLIV
64.3%
XLV
63.9%
XLVI
63.4%
XLVII
63%
XLVIII
62.5%
L
58.5%
LI
57.5%
LII
57.3%
LIII
56.9%
LIV
56.4%
LV
55.9%
LVI
55.4%
XLIX
55.1%
LVII
54.9%
LVIII
54.4%
LIX
51.3%
LX
50.9%
LXI
50.2%
LXII
49.7%
LXIII
49.2%
LXIV
48%
LXV
47.2%
LXVI
46.4%
LXVII
45.6%
LXVIII
44.8%
Numeral % Correct
LXIX
42.6%
LXX
41.8%
LXXI
40.9%
LXXII
40.2%
LXXIII
39.3%
LXXIV
38%
LXXV
37.1%
LXXVI
36.1%
LXXVII
35.2%
LXXVIII
33.9%
LXXIX
32.2%
LXXX
31.5%
LXXXI
30.5%
LXXXII
29.8%
LXXXIII
28.9%
LXXXIV
27.8%
LXXXV
27%
LXXXVI
26.1%
LXXXVII
25.1%
LXXXVIII
23.9%
LXXXIX
22.2%
XC
19.1%
XCI
18.4%
XCII
18.1%
XCIII
17.7%
XCIV
17.1%
XCV
16.4%
XCVI
15.9%
XCVII
15.3%
C
15.2%
XCVIII
14.7%
XCIX
12.8%

You're not logged in!

Compare scores with friends on all Sporcle quizzes.
OR
Log In

Sporcle TV

Today on Sporcle TV


Watch our educational content, quiz creation guides, and fun videos on Sporcle TV.

Show Comments

Extras

Top Quizzes Today


Score Distribution

Your Account Isn't Verified!

In order to create a playlist on Sporcle, you need to verify the email address you used during registration. Go to your Sporcle Settings to finish the process.

Report this User

Report this user for behavior that violates our Community Guidelines.

Details: